banner-ar

عظماء خدموا العالم:ابن سينا أشهر الطب-جونتبرج الفنان الذى جعل الثقافة للاغنياء والفقراء-الشقيقان رايت والطيران-أرشميدس صاح..العالم وجدتها..وجدتها-بتهوفن العبقرى الصبور / (Record no. 51183)

MARC details
000 -الفاتح
حقل البيانات ثابتة الطول 00805nam a2200157Ia 4500
008 - عناصر البيانات ثابتة الطول - معلومات عامة
حقل البيانات ثابتة الطول 140319s9999 xx 000 0 ara d
040 ## - مصدر الفهرسة
وكالة الفهرسة الأصلية GCL /
وكالة النسخ GCL
082 04 - رقم تصنيف ديوى العشرى
رقم التصنيف ط
رقم المادة 920.71
-- د م
100 1# - المدخل الرئيسى - إسم شخصى
الإسم الشخصى درويش الزفتاوى
245 10 - بيان العنوان
العنوان عظماء خدموا العالم:ابن سينا أشهر الطب-جونتبرج الفنان الذى جعل الثقافة للاغنياء والفقراء-الشقيقان رايت والطيران-أرشميدس صاح..العالم وجدتها..وجدتها-بتهوفن العبقرى الصبور /
بيان المسئوليه,etc درويش الزفتاوى
700 1# - المدخل الاضافى - اسم شخصى
الإسم الشخصى ايناس عبدالوهاب
260 ## - PUBLICATION, DISTRIBUTION, ETC. (IMPRINT)
تاريخ النشر أو التوزيع 0
300 ## - الوصف المادى
التعداد متعدد ؛
أبعاد الوعاء 20سم
490 ## - بيان السلسلة
عنوان السلسلة عظماء خدموا العالم
رقم المجلد/ التعيين التسلسلي 0
260 ## - PUBLICATION, DISTRIBUTION, ETC. (IMPRINT)
-- القاهرة :
-- مؤسسة الخليج العربى ،
Holdings
حالة التراجع حالة الفقد حالة تلف ليس للاعارة المكان المؤقت الموقع الحالى تاريخ الاكتساب اجمالي اﻻعارات رقم الطلب الباركود تاريخ اخر مشاهدة تاريخ تفعيل السعر نوع وعاء كوها
        مكتبة القاهرة الكبرى مكتبة القاهرة الكبرى 03/26/2014   ط\920.71\ د م 122696 03/26/2014 03/26/2014 كتاب
        مكتبة القاهرة الكبرى مكتبة القاهرة الكبرى 03/26/2014   ط\920.71\ د م 122697 03/26/2014 03/26/2014 كتاب
        مكتبة القاهرة الكبرى مكتبة القاهرة الكبرى 03/26/2014   ط\920.71\ د م 122698 03/26/2014 03/26/2014 كتاب
        مكتبة القاهرة الكبرى مكتبة القاهرة الكبرى 03/26/2014   ط\920.71\ د م 122699 03/26/2014 03/26/2014 كتاب
        مكتبة القاهرة الكبرى مكتبة القاهرة الكبرى 03/26/2014   ط\920.71\ د م 122700 03/26/2014 03/26/2014 كتاب
        مكتبة القاهرة الكبرى مكتبة القاهرة الكبرى 03/26/2014   ط\920.71\ د م 122701 03/26/2014 03/26/2014 كتاب
        مكتبة القاهرة الكبرى مكتبة القاهرة الكبرى 03/26/2014   ط\920.71\ د م 122702 03/26/2014 03/26/2014 كتاب
        مكتبة القاهرة الكبرى مكتبة القاهرة الكبرى 03/26/2014   ط\920.71\ د م 122703 03/26/2014 03/26/2014 كتاب
        مكتبة القاهرة الكبرى مكتبة القاهرة الكبرى 03/26/2014   ط\920.71\ د م 122704 03/26/2014 03/26/2014 كتاب
        مكتبة القاهرة الكبرى مكتبة القاهرة الكبرى 03/26/2014   ط\920.71\ د م 122705 03/26/2014 03/26/2014 كتاب
        مكتبة القاهرة الكبرى مكتبة القاهرة الكبرى 03/26/2014   ط\920.71\ د م 122706 03/26/2014 03/26/2014 كتاب
        مكتبة القاهرة الكبرى مكتبة القاهرة الكبرى 03/26/2014   ط\920.71\ د م 122707 03/26/2014 03/26/2014 كتاب
        مكتبة القاهرة الكبرى مكتبة القاهرة الكبرى 03/26/2014   ط\920.71\ د م 122708 03/26/2014 03/26/2014 كتاب
        مكتبة القاهرة الكبرى مكتبة القاهرة الكبرى 03/26/2014   ط\920.71\ د م 122709 03/26/2014 03/26/2014 كتاب

Powered By

EGPV